Statistics for Most Unfaithful Countries

Click here to take the quiz!

General Stats

  • This quiz has been taken 54 times
  • The average score is 8 of 10

Answer Stats

% Country % Correct
36United Kingdom
94%
45Italy
91%
43France
91%
45Germany
89%
39Spain
87%
40Belgium
77%
46Denmark
74%
41Norway
74%
36Finland
62%
56Thailand
19%

Score Distribution

Percentile by Number Answered

Percent of People with Each Score

Your Score History

You have not taken this quiz